[Event "Feffernitz op 28th"]
[Site "Feffernitz"]
[Date "2019.08.23"]
[Round "7"]
[White "Wiesinger, Johann"]
[Black "Koller, Hans Juergen"]
[Result "0-1"]
[WhiteElo "1808"]
[BlackElo "2163"]
[PlyCount "120"]
[EventDate "2019.08.18"]
[EventType "swiss"]
[EventRounds "9"]
[EventCountry "AUT"]
[SourceTitle "EXT 2020"]
[Source "ChessBase"]
[SourceDate "2019.10.17"]
[SourceVersion "1"]
[SourceVersionDate "2019.10.17"]
[SourceQuality "1"]

1. e4 d5 2. exd5 Qxd5 3. Nf3 Nf6 4. d4 c6 5. Be2 Bf5 6. c3 e6 7. Qb3 Qxb3 8. axb3 Nbd7 9. Nbd2 Nb6 10. Ne5 Be7 11. 0-0 0-0 12. Ndc4 Nxc4 13. Nxc4 Rfd8 14. Bf4 Nd5 15. Bg3 g5 16. Rfe1 f6 17. Bf3 Kf7 18. Ne3 Bg6 19. h4 gxh4 20. Bxh4 h5 21. Bg3 Rh8 22. Nc4 b6 23. Nd6+ Bxd6 24. Bxd6 Rhd8 25. Bg3 a5 26. Bxd5 Rxd5 27. Bc7 Ra6 28. b4 Rd7 29. Bf4 a4 30. Be3 Rda7 31. Ra3 Ra8 32. Rc1 b5 33. Rca1 Be4 34. f3 Bd5 35. Kf2 Kg6 36. Rh1 R6a7 37. Rh3 Rh7 38. Rh4 Rg8 39. Ra1 Re8 40. Rg1 Ree7 41. g4 hxg4 42. Rxh7 Rxh7 43. Rxg4+ Kf7 44. Bf4 Rh1 45. Rg2 Rb1 46. Kg3 Kg6 47. Rf2 Kf5 48. Bd6 Rg1+ 49. Kh2 Rd1 50. Kg3 Rd3 51. Kh4 Rxf3 52. Re2 Bc4 53. Rd2 e5 54. dxe5 fxe5 55. Bc5 Bf1 56. Rh2 e4 57. Bb6 Bc4 58. Rg2 e3 59. Rg5+ Ke4 60. Bc7 e2 0-1

[Event "Cappelle op 35th"]
[Site "Cappelle la Grande"]
[Date "2019.02.18"]
[Round "3"]
[White "Koller, Hans Juergen"]
[Black "Enchev, Ivajlo"]
[Result "0-1"]
[WhiteElo "2171"]
[BlackElo "2486"]
[PlyCount "54"]
[EventDate "2019.02.16"]
[EventType "swiss"]
[EventRounds "9"]
[EventCountry "FRA"]
[SourceTitle "CBM 189 Extra"]
[Source "ChessBase"]
[SourceDate "2019.06.03"]
[SourceVersion "1"]
[SourceVersionDate "2019.06.03"]
[SourceQuality "1"]

1. g3 c5 2. Bg2 Nc6 3. c4 g6 4. Nc3 Bg7 5. e4 b6 6. Nge2 Bb7 7. d3 d6 8. Be3 Nd4 9. 0-0 Qd7 10. h3 e6 11. Qd2 Ne7 12. Bh6 0-0 13. Bxg7 Kxg7 14. Nxd4 cxd4 15. Ne2 e5 16. b4 f5 17. exf5 Nxf5 18. Rac1 Rf6 19. a4 Raf8 20. Bxb7 Qxb7 21. f4 Ne3 22. Rf2 g5 23. c5 dxc5 24. bxc5 gxf4 25. c6 Qc8 26. gxf4 Qxh3 27. Rh2 Rg6+ 0-1

[Event "Feffernitz op 27th"]
[Site "Feffernitz"]
[Date "2018.08.23"]
[Round "6"]
[White "Kainz, Josef"]
[Black "Koller, Hans Juergen"]
[Result "0-1"]
[WhiteElo "1886"]
[BlackElo "2168"]
[PlyCount "76"]
[EventDate "2018.08.19"]
[EventType "swiss"]
[EventRounds "9"]
[EventCountry "AUT"]
[SourceTitle "CBM 186 Extra"]
[Source "ChessBase"]
[SourceDate "2018.08.24"]
[SourceVersion "1"]
[SourceVersionDate "2018.08.24"]
[SourceQuality "1"]

1. d4 d6 2. Nf3 g6 3. g3 Bg7 4. Bg2 f5 5. Nc3 Nf6 6. Bg5 Nbd7 7. Qd2 h6 8. Bf4 c5 9. 0-0-0 Qa5 10. Nh4 cxd4 11. Qxd4 g5 12. Ng6 gxf4 13. Nxh8 Bxh8 14. gxf4 Qc5 15. Qa4 Kf7 16. Qb3+ e6 17. Na4 Qc7 18. Qh3 Bg7 19. Rhg1 Qc4 20. Nc3 Qxf4+ 21. Kb1 Nc5 22. Bf3 Bd7 23. e3 Qe5 24. Qg2 Nce4 25. Bxe4 Nxe4 26. Qg6+ Kf8 27. Rd4 Nxc3+ 28. bxc3 Rc8 29. f4 Qf6 30. Qxf6+ Bxf6 31. Rxd6 Ke7 32. Rd4 Bxd4 33. cxd4 Kf7 34. Rd1 Bc6 35. Kb2 Rg8 36. c4 Rg2+ 37. Kb3 Be4 38. d5 Bc2+ 0-1

[Event "Donau op 26th"]
[Site "Aschach"]
[Date "2017.12.27"]
[Round "3"]
[White "Zelcic, Robert"]
[Black "Koller, Hans Juergen"]
[Result "1-0"]
[WhiteElo "2501"]
[BlackElo "2147"]
[PlyCount "57"]
[EventDate "2017.12.26"]
[EventType "swiss"]
[EventRounds "7"]
[EventCountry "AUT"]
[SourceTitle "CBM 182 Extra"]
[Source "ChessBase"]
[SourceDate "2018.02.23"]
[SourceVersion "1"]
[SourceVersionDate "2018.02.23"]
[SourceQuality "1"]

1. e4 d6 2. d4 Nf6 3. Nc3 c6 4. f4 Qa5 5. e5 Ne4 6. Qf3 d5 7. Bd3 f5 8. exf6 exf6 9. Bxe4 dxe4 10. Qxe4+ Be7 11. Nf3 Bf5 12. Qe2 Kf7 13. 0-0 Na6 14. Ne5+ fxe5 15. fxe5 g6 16. g4 Rag8 17. Kh1 Ke8 18. gxf5 gxf5 19. Be3 Nc7 20. Rxf5 Kd8 21. Raf1 Nd5 22. Nxd5 Qxd5+ 23. Qf3 Qxa2 24. d5 cxd5 25. e6 Rf8 26. Rxd5+ Kc8 27. Bf4 Rxf4 28. Qc3+ Qc4 29. Rxf4 1-0

[Event "Portoroz op 11th"]
[Site "Portoroz"]
[Date "2017.07.28"]
[Round "8"]
[White "Koller, Hans Juergen"]
[Black "Rocha, Sergio MC"]
[Result "0-1"]
[WhiteElo "2126"]
[BlackElo "2364"]
[PlyCount "104"]
[EventDate "2017.07.22"]
[EventType "swiss"]
[EventRounds "9"]
[EventCountry "SLO"]
[SourceTitle "EXT 2020"]
[Source "ChessBase"]
[SourceDate "2019.10.17"]
[SourceVersion "1"]
[SourceVersionDate "2019.10.17"]
[SourceQuality "1"]

1. d4 Nf6 2. c4 g6 3. Nc3 Bg7 4. e4 d6 5. h3 c6 6. Nf3 0-0 7. Bg5 h6 8. Be3 a6 9. a4 a5 10. Bd3 Na6 11. Rc1 Nd7 12. g4 e5 13. d5 Ndc5 14. Bb1 Qb6 15. 0-0 Qc7 16. Ne2 Qe7 17. Ng3 Bd7 18. b3 cxd5 19. cxd5 h5 20. gxh5 Bxh3 21. h6 Bf6 22. Re1 Bg4 23. Rc3 Nb4 24. Bxc5 dxc5 25. d6 Qe6 26. Rxc5 Rfd8 27. Re3 Rxd6 28. Qe2 Rad8 29. Rc1 Qd7 30. Rec3 Nc6 31. Qe3 Nd4 32. Nh2 Bh4 33. Bd3 Nc6 34. Bb5 Be6 35. Nf3 Bf6 36. Ng5 Qe7 37. Nxe6 Rxe6 38. Qf3 Bg5 39. Bxc6 Bxc1 40. Bd5 Rf6 41. Qg4 Bxh6 42. Nf5 Qf8 43. Rf3 Kh7 44. Nxh6 Rxf3 45. Qxf3 Kxh6 46. Qf6 Qd6 47. Qxf7 Rf8 48. Qxb7 Qc5 49. Bf7 Qc1+ 50. Kg2 Qg5+ 51. Kh1 Qh4+ 52. Kg1 Qg4+ 0-1

[Event "Neumarkt am Wallersee op 15th"]
[Site "Neumarkt am Wallersee"]
[Date "2016.08.27"]
[Round "8"]
[White "Wimmer, Herbert1111"]
[Black "Koller, Hans Juergen"]
[Result "1/2-1/2"]
[WhiteElo "1946"]
[BlackElo "2120"]
[PlyCount "40"]
[EventDate "2016.08.20"]
[EventType "swiss"]
[EventRounds "9"]
[EventCountry "AUT"]
[SourceTitle "CBM 174 Extra"]
[Source "ChessBase"]
[SourceDate "2016.10.10"]
[SourceVersion "1"]
[SourceVersionDate "2016.10.10"]
[SourceQuality "1"]

1. d4 Nf6 2. Nf3 c5 3. d5 e6 4. c4 exd5 5. cxd5 d6 6. Nc3 g6 7. Bf4 Bg7 8. h3 0-0 9. e3 a6 10. a4 Ne8 11. Bd3 Nd7 12. 0-0 Rb8 13. Qc2 Ndf6 14. Nd2 Bd7 15. a5 Bb5 16. e4 Nc7 17. Rfb1 Nh5 18. Bh2 f5 19. exf5 Bxd3 20. Qxd3 gxf5 1/2-1/2

[Event "Cappelle op 32nd"]
[Site "Cappelle la Grande"]
[Date "2016.02.16"]
[Round "5"]
[White "Troff, Kayden W"]
[Black "Koller, Hans Juergen"]
[Result "1-0"]
[WhiteElo "2511"]
[BlackElo "2077"]
[PlyCount "63"]
[EventDate "2016.02.13"]
[EventType "swiss"]
[EventRounds "9"]
[EventCountry "FRA"]
[SourceTitle "EXT 2017"]
[Source "ChessBase"]
[SourceDate "2016.10.25"]
[SourceVersion "1"]
[SourceVersionDate "2016.10.25"]
[SourceQuality "1"]

1. d4 Nf6 2. c4 c5 3. d5 e6 4. Nc3 exd5 5. cxd5 d6 6. Nf3 g6 7. Bf4 a6 8. a4 Bg7 9. h3 0-0 10. e3 Re8 11. Bd3 Bf5 12. Bxf5 gxf5 13. Nd2 Qe7 14. Nc4 Ne4 15. Nxe4 Qxe4 16. Nxd6 Qb4+ 17. Qd2 Rd8 18. Qxb4 cxb4 19. Rc1 Bxb2 20. Rc7 Nd7 21. Nxf5 Be5 22. Bxe5 Nxe5 23. f4 Rd7 24. d6 Rxc7 25. dxc7 Nc6 26. Nd6 Na7 27. Ke2 Kf8 28. Rb1 Nc8 29. Nxb7 a5 30. Rd1 Ke7 31. Rd8 Ra7 32. Rxc8 1-0

[Event "Donau op 24th"]
[Site "Aschach"]
[Date "2015.12.27"]
[Round "3"]
[White "Jurek, Josef"]
[Black "Koller, Hans Juergen"]
[Result "1-0"]
[WhiteElo "2288"]
[BlackElo "2109"]
[PlyCount "77"]
[EventDate "2015.12.26"]
[EventType "swiss"]
[EventRounds "7"]
[EventCountry "AUT"]
[SourceTitle "CBM 170 Extra"]
[Source "ChessBase"]
[SourceDate "2016.02.25"]
[SourceVersion "1"]
[SourceVersionDate "2016.02.25"]
[SourceQuality "1"]

1. Nf3 g6 2. d4 Bg7 3. c4 d6 4. Nc3 e5 5. g3 Nc6 6. d5 Nce7 7. Bg2 h6 8. e4 f5 9. exf5 gxf5 10. Nh4 Nf6 11. f4 e4 12. Be3 0-0 13. Qd2 a6 14. a4 Bd7 15. 0-0 Qe8 16. Bh3 Qh5 17. Qd1 Rad8 18. a5 Kh7 19. Bd4 Qf7 20. Ng2 Rg8 21. Kh1 Nh5 22. Ra3 Bxd4 23. Qxd4 c5 24. Qd1 Rg7 25. Qe1 Nf6 26. Qe2 Nh5 27. Qf2 Nf6 28. Nh4 Ng4 29. Bxg4 Rxg4 30. Rb3 Rb8 31. Ra1 Qf6 32. Nd1 Rg7 33. Ne3 Be8 34. Rb6 Bh5 35. Rb1 Bg4 36. Nxg4 Rxg4 37. Qxc5 dxc5 38. Rxf6 Kg7 39. Re6 1-0